[Event "Porz Citroen-Cup"]
[Site "Cologne"]
[Date "1992.??.??"]
[Round "5"]
[White "Lau, Ralf"]
[Black "Grimm, Sascha"]
[Result "1-0"]
[WhiteElo "2520"]
[BlackElo "2325"]
[Annotator "Knaak,R"]
[PlyCount "71"]
[EventDate "1992.08.??"]
[EventType "tourn"]
[EventRounds "9"]
[EventCountry "GER"]
[EventCategory "9"]
[SourceTitle "CBM 031"]
[Source "ChessBase"]
[SourceDate "1992.12.01"]
[SourceVersion "1"]
[SourceVersionDate "1992.12.01"]
[SourceQuality "1"]

1. e4 e6 2. d4 d5 3. Nc3 Bb4 4. e5 c5 5. a3 Bxc3+ 6. bxc3 Ne7 7. h4 Qc7 8. Nf3
b6 9. Bb5+ Bd7 10. Bd3 Ba4 11. Ra2 Nd7 12. O-O c4 (12... a6 $5 {/\ Bb5}) 13.
Be2 $14 O-O 14. Bf4 f6 15. Bh2 Qd8 16. Qd2 h6 17. h5 Nc6 18. Qe3 fxe5 19. dxe5
Nc5 20. Nd4 Qe7 21. Bg4 Rae8 22. f3 Qh4 23. Ne2 Rf7 24. Bg3 Qd8 25. Re1 Rd7 26.
Bf2 Qe7 27. Qf4 Bxc2 $2 (27... Kh8 28. Bh3 $14) 28. Bh4 $1 Qxh4 $2 (28... Qf7
29. Rxc2 Nd3 30. Qxf7+ Rxf7 31. Rb1 Ncxe5 32. Bh3 Nc6 $16) 29. Bxe6+ Rxe6 30.
Qxh4 $18 Bb3 31. Rd2 Nd3 32. Nf4 $1 Rxe5 33. Nxd3 cxd3 34. Rxd3 Rde7 35. Rxe5
Rxe5 36. f4 1-0

[Event "Porz Citroen-Cup"]
[Site "Cologne"]
[Date "1992.??.??"]
[Round "3"]
[White "Lau, Ralf"]
[Black "Holzke, Frank"]
[Result "1/2-1/2"]
[WhiteElo "2520"]
[BlackElo "2400"]
[Annotator "Knaak,R"]
[PlyCount "50"]
[EventDate "1992.08.??"]
[EventType "tourn"]
[EventRounds "9"]
[EventCountry "GER"]
[EventCategory "9"]
[SourceTitle "CBM 031"]
[Source "ChessBase"]
[SourceDate "1992.12.01"]
[SourceVersion "1"]
[SourceVersionDate "1992.12.01"]
[SourceQuality "1"]

1. e4 e6 2. d4 d5 3. Nc3 Bb4 4. e5 c5 5. a3 Bxc3+ 6. bxc3 Ne7 7. h4 Qc7 8. Nf3
b6 9. Bb5+ Bd7 10. Bd3 Ba4 11. Kf1 Nbc6 (11... Nd7 $1) 12. h5 h6 13. Rh4 c4 (
13... cxd4 $5) 14. Be2 $16 O-O-O 15. Rf4 Rdf8 16. Nh4 f6 17. exf6 Rxf6 18. Rxf6
gxf6 (18... Qh2 19. Bg4 gxf6 20. Bxe6+ Kb7 21. Nf3 Qxh5 22. Bh3 $16) 19. Bg4 f5
20. Bh3 (20. Bf3 $1) 20... Qh2 21. Nf3 Qc7 22. g3 Ng8 23. Bf4 (23. Nh4 $1)
23... Qf7 24. Ne5 (24. Nh4 Nf6 25. Ng6 Rg8 $13) 24... Nxe5 25. Bxe5 Nf6 1/2-1/2

[Event "Aruba"]
[Site "Aruba"]
[Date "1992.??.??"]
[Round "8"]
[White "Pliester, Leon"]
[Black "Kindermann, Stefan"]
[Result "0-1"]
[WhiteElo "2355"]
[BlackElo "2505"]
[Annotator "Knaak,R"]
[PlyCount "90"]
[EventDate "1992.03.??"]
[EventType "tourn"]
[EventRounds "9"]
[EventCountry "NAU"]
[EventCategory "11"]
[SourceTitle "CBM 030"]
[Source "ChessBase"]
[SourceDate "1992.10.01"]
[SourceVersion "1"]
[SourceVersionDate "1992.10.01"]
[SourceQuality "1"]

1. e4 e6 2. d4 d5 3. Nc3 Bb4 4. e5 Ne7 5. a3 Bxc3+ 6. bxc3 c5 7. h4 Qc7 8. Nf3
b6 9. Bb5+ Bd7 10. Bd3 Ba4 11. h5 h6 12. O-O Nd7 $1 $10 (12... c4 $2 13. Be2
Nd7 14. g3 O-O-O 15. Nh4 Kb7 16. Bg4 Qc6 17. Re1 Rdg8 18. Ra2 Ka8 19. Rb2 Kb7
20. Qf3 Rf8 21. Qh1 Rfg8 22. Qh3 $16 {Tischbierek-Kindermann/Bad Wörishofen op/
1992}) 13. Bd2 $146 (13. Re1 O-O-O 14. Nh4 Kb7 15. Ra2 Qc6 16. Qg4 Rdg8 17. Rb2
g5 18. Nf3 c4 19. Bf1 Rf8 20. Nh2 Rh7 21. Qh3 Qc8 22. f4 gxf4 23. Bxf4 f5 24.
Be2 $13 {Dolmatov-Nikolic/Moskau-GMA/1990}) 13... O-O-O 14. Qb1 Nc6 $1 {
/\ Na5-c4} 15. Bb5 Bxb5 16. Qxb5 Na5 17. Rfb1 Qc6 $1 {/\ _|_-/+} 18. Qa6+ Qb7
19. Qd3 Kb8 20. a4 Ka8 21. Bc1 Rc8 $17 22. Nd2 Qc6 23. Qf3 f6 24. exf6 Nxf6 25.
Nb3 Nxb3 26. cxb3 Ne4 27. Qd3 c4 28. bxc4 Qxc4 29. Qxc4 Rxc4 30. a5 Kb7 31.
axb6 axb6 32. Bf4 Rf8 33. g3 Nxc3 34. Re1 Re8 35. Be5 Re7 36. Bd6 Rd7 37. Rxe6
Rc6 38. Bb4 Rxe6 39. Bxc3 Re2 40. Bb4 Rf7 41. f4 Rc7 42. Rb1 Rcc2 43. Bc5 Rb2
44. Rxb2 Rxb2 45. Bf8 b5 0-1

[Event "Amsterdam Euwe Memorial"]
[Site "Amsterdam"]
[Date "1991.??.??"]
[Round "4"]
[White "Timman, Jan H"]
[Black "Ljubojevic, Ljubomir"]
[Result "1-0"]
[WhiteElo "2630"]
[BlackElo "2590"]
[Annotator "Knaak,R"]
[PlyCount "89"]
[EventDate "1991.05.??"]
[EventType "tourn"]
[EventRounds "9"]
[EventCountry "NED"]
[EventCategory "16"]
[SourceTitle "CBM 023"]
[Source "ChessBase"]
[SourceDate "1991.08.01"]
[SourceVersion "1"]
[SourceVersionDate "1991.08.01"]
[SourceQuality "1"]

1. e4 e6 2. d4 d5 3. Nc3 Bb4 4. e5 c5 5. a3 Bxc3+ 6. bxc3 Ne7 7. Nf3 Qc7 8. a4
b6 9. Bb5+ Bd7 10. Bd3 Nbc6 11. O-O h6 12. Re1 O-O (12... Na5 $5) 13. Bf4 f5 (
13... Ng6 14. Bg3 cxd4 15. Nxd4 Na5 16. h4 $6 (16. Re3 $14 {Timman}) 16... Qxc3
{Timman-Keene/Orense/1976/21/191}) 14. exf6 Qxf4 15. fxe7 Nxe7 16. Bb5 $1 {
N; ><e6} (16. Ne5 Be8 17. g3 Qxf2+ 18. Kh1 c4 19. Rf1 Qe3 20. Rxf8+ Kxf8 21.
Qg4 cxd3 $17 {Geenen-Gunawan/Thessaloniki ol/1988}) 16... Qc7 17. Qe2 Bc8 18.
Qe5 Qd8 19. dxc5 bxc5 20. Rad1 $16 Rf6 21. Qe3 Qd6 22. Ne5 Nf5 23. Qh3 Bb7 24.
Qh5 Ne7 25. Bd3 Raf8 26. Ng4 Rf4 27. Re3 R8f7 28. Rde1 Bc8 29. Bg6 Nxg6 30.
Qxg6 Kf8 31. Ne5 R7f5 32. Qh7 Rxe5 33. Rxe5 Rxa4 34. R5e3 Bd7 35. Rf3+ Rf4 36.
Rg3 Rf7 37. Qh8+ Ke7 38. Rxg7 Qf4 39. Rxf7+ Kxf7 40. Qh7+ Ke8 41. Rb1 Kd8 42.
g3 Qd6 43. Qxh6 Kc7 44. Qh8 Bc8 45. f4 1-0

[Event "NED-ch47"]
[Site "Eindhoven"]
[Date "1992.03.18"]
[Round "2"]
[White "Nijboer, Friso"]
[Black "Brenninkmeijer, Joris"]
[Result "0-1"]
[WhiteElo "2455"]
[BlackElo "2500"]
[Annotator "Knaak,R"]
[PlyCount "84"]
[EventDate "1992.03.17"]
[EventType "tourn"]
[EventRounds "11"]
[EventCountry "NED"]
[EventCategory "10"]
[SourceTitle "CBM 030"]
[Source "ChessBase"]
[SourceDate "1992.10.01"]
[SourceVersion "1"]
[SourceVersionDate "1992.10.01"]
[SourceQuality "1"]

1. e4 e6 2. d4 d5 3. Nc3 Bb4 4. e5 Ne7 5. a3 Bxc3+ 6. bxc3 c5 7. Nf3 b6 8. Bb5+
Bd7 9. Bd3 Ba4 10. Ng5 $146 h6 11. Nh3 Qc7 $1 12. O-O Nd7 $15 13. Be3 Qc6 $1 {
/\ Bb5} 14. Rb1 a6 15. Rb2 Bb5 16. dxc5 bxc5 17. Qb1 O-O $1 18. Bxb5 axb5 19.
Rxb5 Rxa3 $17 20. c4 (20. Qb2 Rxc3 $1 $19) (20. Rb3 Rxb3 21. cxb3 Nxe5 $19)
20... d4 21. Bc1 Rxh3 $1 22. gxh3 Nxe5 23. f4 Nf3+ 24. Kf2 Nxh2 25. Rg1 Qf3+
26. Ke1 Nf5 $19 27. Rb8 (27. Rb3 Ne3 $19) 27... Rxb8 28. Qxb8+ Kh7 29. Qb3 Qxb3
30. cxb3 Nf3+ 31. Kf2 Nxg1 32. Kxg1 d3 33. Kf2 Nd4 34. b4 cxb4 35. Ke3 Nb3 36.
Bd2 Nxd2 37. Kxd2 Kg8 38. Kxd3 Kf8 39. h4 Ke7 40. c5 Kd7 41. Kc4 Kc6 42. Kxb4
g6 0-1

[Event "Bundesliga 9697"]
[Site "Germany"]
[Date "1997.??.??"]
[Round "?.3"]
[White "Lanka, Zigurds"]
[Black "Knaak, Rainer"]
[Result "0-1"]
[WhiteElo "2575"]
[BlackElo "2540"]
[Annotator "Knaak,R"]
[PlyCount "98"]
[EventDate "1996.10.12"]
[EventType "team-tourn"]
[EventRounds "15"]
[EventCountry "GER"]
[SourceTitle "GER-chT"]
[Source "ChessBase"]
[SourceDate "1999.07.01"]
[SourceVersion "1"]
[SourceVersionDate "1999.07.01"]
[SourceQuality "1"]
[WhiteTeam "Dresden"]
[BlackTeam "Werder Bremen"]
[WhiteTeamCountry "GER"]
[BlackTeamCountry "GER"]

1. e4 e6 2. d4 d5 3. Nc3 Bb4 4. e5 c5 5. a3 Bxc3+ 6. bxc3 Ne7 7. Nf3 Qc7 8. Bf4
h6 9. h4 b6 10. Bb5+ Bd7 11. Bd3 Ba4 12. Qd2 Nd7 13. h5 a6 14. O-O Bb5 15. a4 {
Der Sinn dieses Zuges ist nicht ganz klar; vielleicht will Weiß nur die Lage
klären.} Bxd3 16. cxd3 c4 17. Nh2 cxd3 {MultiMedia files not imported} 18. Qxd3
Qc4 {Ich fühlte mich sehr wohl.} 19. Qh3 (19. Qg3 O-O $1 (19... Nf5 20. Qh3 {
/\ g4})) 19... Rc8 20. Bd2 Qe2 21. Ra2 (21. Rad1 Qe4 $13 (21... Qc4 $13)) 21...
Qc4 {Ich rechnete hier mit remis nach 22.Raa1 Qe2 23.Ra2} 22. Rfa1 {Er
schätzte seine Stellung als etwas besser ein.} O-O 23. Rb2 Rc6 $6 {Will e6
decken und f7-f6 vorbereiten.} (23... Qc6 {/\ 24...f6=}) 24. Nf1 $1 {Der
Springer deckt auch den Läufer auf d2.} a5 (24... Rc7 $5) (24... Kh8 $2 25. Rb4
Qe2 26. Re1 $18) 25. Ne3 Qa6 (25... Qd3 $2 26. Nxd5 $18) 26. Rb5 Qc8 27. Rf1
Kh8 28. Rbb1 Qa6 29. Rb5 Qc8 30. f4 Rxc3 $5 {Das Qualitätsopfer ist objektiv
schon nicht schlecht, aber noch besser sind die praktischen Chancen.} (30... f6
$13) 31. Bxc3 (31. f5 Rxe3 (31... Rc6 32. f6 gxf6 33. exf6 Ng8 34. Ng4 $40) 32.
Bxe3 Nxf5 $15) 31... Qxc3 32. Rd1 Nc6 33. Rbb1 (33. Nxd5 $1 {Nach diesem Zug
sollte Weiß zumindest nicht schlechter stehen.} Qxh3 (33... Qc2 $5 {Hätte ich
wahrscheinlich gespielt.} 34. Nc3 (34. Rbb1 exd5 (34... Nxd4 {Fritz}) 35. Rbc1
Qe2 36. Qxd7 Nxd4 $13) 34... Nb4 35. Qf3 Rc8 36. Ne4 Qxa4 37. Nd6 Rc3 $13) 34.
gxh3 exd5 $1 (34... Na7 $5 35. Nxb6 $2 (35. Rxb6 Nxb6 36. Nxb6 Rb8 37. Nc4 Nc6
$14 (37... Rb4 38. Nd6 $14)) 35... Nxb5 36. Nxd7 Nc3 $1 $15) 35. Rxd5 {Während
der Partie schätzte ich das als ganz schlecht für Schwarz ein. Aber...} Rd8 $1
36. Rc1 (36. Rd6 Ne7) 36... Ne7 37. Rd6 Nf5 38. Rd5 Ne7 39. Rb5 $13) 33... Nxd4
34. Kh2 $6 (34. Nxd5 $2 exd5 $1 35. Qxd7 Ne2+ 36. Kh1 Nxf4 $17) (34. Kh1 $1 Nc2
$1 (34... Ne2 35. Qf3 Nd4 36. Nxd5) 35. Nxc2 Qxc2 $15) 34... Ne2 $1 (34... Nc2
$5 {Fritz} 35. Nxc2 Qxc2 $13 {Fritz sieht recht deutlichen Vorteil für Schwarz:
-1.25}) 35. Qf3 Nd4 (35... Nxe5 $3 {Fritz} 36. fxe5 Qxe5+ 37. g3 Nc3 38. Rxb6
Nxd1 39. Nxd1 {sicherer schwarzer König, schwacher Ph5. Schwarz steht
vielleicht deutlich besser.}) 36. Qf2 $2 Nb3 $1 {-/+/-+; Jetzt hätte ich kein
remis mehr angenommen - trotz leichter Zeitnot. Der Nb3 paralysiert die weißen
Türme.} 37. Re1 Ndc5 38. Qh4 Re8 39. Ng4 d4 40. Nxh6 {Verzweiflung.} gxh6 41.
Qf6+ Kg8 42. Qxh6 Qc2 43. Red1 Ne4 44. f5 exf5 45. Qxb6 Nbd2 46. Rf1 Qd3 47.
Qc6 Nxf1+ 48. Rxf1 Qg3+ 49. Kg1 Qxe5 0-1

[Event "Ostrava"]
[Site "Ostrava"]
[Date "1992.??.??"]
[Round "2"]
[White "Schmittdiel, Eckhard"]
[Black "Matlak, Marek"]
[Result "1-0"]
[WhiteElo "2480"]
[BlackElo "2420"]
[Annotator "Knaak,R"]
[PlyCount "85"]
[EventDate "1992.09.??"]
[EventType "tourn"]
[EventRounds "11"]
[EventCountry "CZE"]
[EventCategory "9"]
[SourceTitle "CBM 033"]
[Source "ChessBase"]
[SourceDate "1993.04.01"]
[SourceVersion "1"]
[SourceVersionDate "1993.04.01"]
[SourceQuality "1"]

1. e4 e6 2. d4 d5 3. Nc3 Bb4 4. e5 c5 5. a3 Bxc3+ 6. bxc3 Ne7 7. a4 Qa5 8. Qd2
Nbc6 9. Nf3 Bd7 10. Ba3 cxd4 11. cxd4 Qxd2+ 12. Kxd2 Nf5 13. c3 Na5 14. Ra2
Nc4+ (14... f6 15. Bb5 Bxb5 16. axb5 Nc4+ 17. Kd3 a5 18. g4 Ne7 19. Re1 Ng6 $15
{Brunner-Kindermann/Bern zt/1990}) 15. Bxc4 dxc4 16. a5 Bc6 17. Ke2 Ne7 $6 $146
(17... h5 18. Rha1 Kd7 19. Rb2 f6 20. Nd2 Bd5 21. Bc5 fxe5 22. dxe5 Kc6 $10 {
Schmittdiel-Brenninkmeijer/Groningen/1991}) 18. Bxe7 $1 Kxe7 19. Rb1 $14 {
>< Pb7, Bc6} Rac8 20. Rb4 Rc7 21. Rab2 Rd8 22. Nd2 Bd5 23. f3 f6 $6 24. exf6+
gxf6 25. Nf1 $16 Rdd7 26. Ne3 Kd6 27. Kf2 Rg7 28. g4 Rgd7 29. Rb5 Ke7 30. h4
Kf7 31. R2b4 Ke7 32. Kg3 Kd6 33. Rb2 Rf7 34. Re2 Kc6 35. Rb4 Kd6 36. Reb2 Rfd7
37. f4 $1 Ke7 38. f5 $1 Kf7 39. fxe6+ Bxe6 40. Kf4 Kg6 41. Rb5 Kg7 (41... a6
42. Rb6 Kf7 43. Ke4 Re7 44. Nf5 Red7 45. Nh6+ Ke7 46. Kf4 {Zugzwang}) 42. d5
$18 Bf7 43. d6 1-0

[Event "Noviki-A"]
[Site "Budapest"]
[Date "1990.??.??"]
[Round "2"]
[White "Mainka, Romuald"]
[Black "Farago, Ivan"]
[Result "1/2-1/2"]
[WhiteElo "2445"]
[BlackElo "2475"]
[Annotator "Knaak,R"]
[PlyCount "85"]
[EventDate "1990.??.??"]
[EventType "tourn"]
[EventRounds "11"]
[EventCountry "HUN"]
[EventCategory "9"]
[SourceTitle "CBM 019"]
[Source "ChessBase"]
[SourceDate "1990.12.01"]
[SourceVersion "1"]
[SourceVersionDate "1990.12.01"]
[SourceQuality "1"]

1. e4 e6 2. d4 d5 3. Nc3 Bb4 4. e5 Ne7 5. a3 Bxc3+ 6. bxc3 c5 7. Nf3 Bd7 8. a4
Qa5 9. Qd2 Nbc6 10. Ba3 cxd4 11. cxd4 Qxd2+ 12. Kxd2 Nf5 13. c3 Na5 14. Ra2 Rc8
{N} (14... f6 $1 15. Bb5 Bxb5 16. axb5 Nc4+ 17. Kd3 a5 18. g4 Ne7 19. Re1 Ng6
$1 $15 {Brunner-Kindermann/Bern zt/1990/CBM 17}) 15. Bb5 Nc4+ 16. Kd3 Rc7 17.
Nd2 Nxa3 18. Rxa3 Ke7 19. Rb1 Rhc8 20. a5 Kd8 21. Bxd7 Kxd7 22. Rc1 Ne7 23. Nb3
b6 24. axb6 axb6 25. Ra6 Rb8 26. Nd2 Nc6 27. Rb1 Rcb7 28. f4 h5 29. Ra2 Na5 30.
h3 Kc7 31. Rf1 g6 32. Raa1 Kd7 33. g4 hxg4 34. hxg4 Rh8 35. Rh1 Rbb8 36. Rab1
Rbc8 37. Rxh8 Rxh8 38. Rxb6 Rh3+ 39. Ke2 Rh2+ 40. Ke1 Rxd2 41. Rd6+ Ke7 42.
Kxd2 Nc4+ 43. Kd3 1/2-1/2

[Event "Budapest zt-B"]
[Site "Budapest"]
[Date "1993.??.??"]
[Round "9"]
[White "Topalov, Veselin"]
[Black "Polgar, Zsuzsa"]
[Result "1-0"]
[WhiteElo "2635"]
[BlackElo "2560"]
[Annotator "Knaak,R"]
[PlyCount "91"]
[EventDate "1993.03.??"]
[EventType "tourn"]
[EventRounds "11"]
[EventCountry "HUN"]
[EventCategory "9"]
[SourceTitle "CBM 034"]
[Source "ChessBase"]
[SourceDate "1993.06.01"]
[SourceVersion "1"]
[SourceVersionDate "1993.06.01"]
[SourceQuality "1"]

1. e4 e6 2. d4 d5 3. Nc3 Bb4 4. e5 c5 5. a3 Bxc3+ 6. bxc3 Ne7 7. Nf3 Bd7 8. Bd3
c4 $6 $14 (8... Ba4) (8... Qa5) 9. Be2 (9. Bf1 {/\ g3, h4, Bh3 (>< Pe6)}) 9...
Ba4 10. h4 (10. Rb1 $1) 10... h6 11. h5 $6 (11. Rb1) 11... Kd7 $1 12. Nh4 $6 (
12. g3 {/\ 13.Nh4 g5 14.Ng2+/=}) 12... g5 $1 $10 13. hxg6 (13. Nf3 Nec6 {
/\ f5|^}) 13... fxg6 14. g4 g5 15. Ng2 Nbc6 16. Be3 Qg8 17. Rh3 Qg6 18. Rc1 a5
$1 19. Qd2 b5 20. Kf1 Rab8 21. Ne1 Rhf8 22. Kg1 Rf7 23. Ng2 b4 24. axb4 axb4
25. cxb4 Rxb4 26. c3 Rb1 (26... Rb8 $13) 27. Kh2 $5 Ng8 $6 (27... Rxc1 28. Qxc1
Bc2 29. f4 Bd3 (29... Be4 30. fxg5 hxg5 31. Ne1 $13) 30. Bxd3 cxd3 31. fxg5
hxg5 $13) 28. Bd3 $1 Qxd3 29. Qxd3 cxd3 30. Rxb1 $14 d2 $5 (30... Kc8 31. f4
$16) 31. Bxd2 Rxf2 32. Bc1 Ra2 33. Rf3 $1 Bd1 34. Rf8 Nce7 35. Rb2 (35. Bxg5
Bc2 36. Rb7+ Kc6 37. Bxe7 Kxb7 38. Rxg8 Be4 $13) 35... Rxb2 $6 (35... Ra1 $5
36. Be3 Bxg4 37. Rb7+ Kc6 38. Rbb8 Ra2 $13) 36. Bxb2 Bxg4 37. Ba3 Be2 (37...
Bh5 38. Ne3 Bg6 39. Ng4 h5 40. Nf6+ Nxf6 41. exf6 $18) 38. Ne3 h5 39. Rf7 $1
Ke8 (39... Bd3 40. Rg7 Bg6 41. c4 dxc4 42. d5 Ke8 43. d6 Kf8 44. Rxe7 Nxe7 45.
d7 $18) 40. Rg7 g4 41. Kg3 $18 Bd3 42. Kh4 Bg6 43. Kg5 Bf7 44. Rh7 Nc8 45. Nf1
Nb6 46. Ng3 1-0

[Event "URS-chT Republics 19th final B"]
[Site "Azov"]
[Date "1991.??.??"]
[Round "?"]
[White "Kudriashov, Anatoli"]
[Black "Ivanov, Sergei"]
[Result "1-0"]
[WhiteElo "2370"]
[BlackElo "2360"]
[Annotator "Knaak,R"]
[PlyCount "73"]
[EventDate "1991.??.??"]
[EventType "team-tourn"]
[EventRounds "4"]
[EventCountry "URS"]
[SourceTitle "EXT 2020"]
[Source "ChessBase"]
[SourceDate "2019.10.17"]
[SourceVersion "1"]
[SourceVersionDate "2019.10.17"]
[SourceQuality "1"]
[WhiteTeam "Turkmenistan"]
[BlackTeam "Leningrad"]
[WhiteTeamCountry "TKM"]
[BlackTeamCountry "RUS"]

1. e4 e6 2. d4 d5 3. Nc3 Bb4 4. e5 c5 5. a3 Bxc3+ 6. bxc3 Ne7 7. Nf3 Qc7 8. Be2
b6 9. O-O Ba6 10. Bxa6 Nxa6 11. Qe2 Nb8 12. a4 $14 O-O 13. dxc5 {Logischer
erscheint 13.a5.} bxc5 14. h4 Nd7 15. h5 h6 16. Re1 Nb6 17. Nh4 Nc4 18. g4 f6
$5 19. exf6 Rxf6 20. g5 hxg5 21. Bxg5 Raf8 22. Bxf6 Rxf6 23. Qg4 e5 24. Qg5 e4
$6 (24... Qd7 $1 $44) 25. Ng6 $1 Nxg6 (25... Rxg6 $5 26. hxg6 Ne5 27. Re3 N7xg6
$16) 26. Qxd5+ Kh8 (26... Kf8 27. hxg6 Rxg6+ (27... Rxf2 28. Qa8+ $1 Ke7 29.
Qxe4+ $18) 28. Kf1 Qh2 29. Ke2 Rf6 30. Qxc5+ {/\ 31.Rh1+-}) 27. hxg6 Rxg6+ 28.
Kf1 Qh2 29. Ke2 Rf6 30. Qa8+ Kh7 31. Qxe4+ Kh8 (31... Kh6 32. Rh1 $1 (32. Qh1
Re6+ 33. Kf3 (33. Kd3 Nb2+ 34. Kd2 Nc4+ 35. Kd1 Rxe1+ 36. Qxe1 Qd6+ 37. Ke2
Qe6+ 38. Kf3 Qf5+ $10) 33... Nd2+ 34. Kg4 Rg6+ 35. Kf5 Rf6+ $10) 32... Rxf2+
33. Kd3 Nb2+ 34. Ke3 Re2+ 35. Kf3 Rf2+ 36. Kg4 $18) 32. Qa8+ Kh7 33. Rh1 Rxf2+
34. Kd3 Ne5+ 35. Ke4 Re2+ 36. Kd5 Rd2+ 37. Ke6 1-0

[Event "Altensteig-A"]
[Site "Altensteig"]
[Date "1993.??.??"]
[Round "9"]
[White "Almasi, Zoltan"]
[Black "Knaak, Rainer"]
[Result "1/2-1/2"]
[WhiteElo "2580"]
[BlackElo "2525"]
[Annotator "Knaak,R"]
[PlyCount "82"]
[EventDate "1993.07.07"]
[EventType "tourn"]
[EventRounds "11"]
[EventCountry "GER"]
[EventCategory "12"]
[SourceTitle "CBM 037"]
[Source "ChessBase"]
[SourceDate "1993.12.01"]
[SourceVersion "1"]
[SourceVersionDate "1993.12.01"]
[SourceQuality "1"]

1. e4 e6 2. d4 d5 3. Nc3 Bb4 4. e5 c5 5. a3 Bxc3+ 6. bxc3 Ne7 7. Nf3 Qc7 8. a4
h6 {(Yermolinsky)} 9. Bb5+ Bd7 10. Bd3 Nbc6 11. O-O f5 $5 $146 (11... cxd4 12.
cxd4 Nb4 13. Ba3 Nxd3 14. cxd3 Bc6 $10 {Sherzer,A-Yermolinsky,A/New York/1993/}
) 12. Ba3 c4 13. Be2 g5 14. Nd2 $2 (14. h4 $1 $13) 14... Qa5 $1 15. Bh5+ Kd8 (
15... Kf8 $1 $17) 16. Nb1 Be8 17. Be2 $1 Kd7 18. Qc1 Nc8 19. Rd1 $1 {/\ d-<->}
Bg6 $2 {>< /^a2-g8} (19... Bf7) 20. Qb2 Qb6 21. Qa2 Qa5 22. Qb2 Qb6 23. Qa2 Qc7
24. Nd2 Na5 25. Rab1 a6 26. Bb4 Rb8 $6 (26... Ra7 $13) 27. Bxa5 Qxa5 28. Nxc4
$1 dxc4 29. Bxc4 $44 Re8 30. d5 Re7 $2 (30... Ne7 $2 31. Qa3 $18) (30... Kc7 $2
31. dxe6 Nb6 32. Rd6) (30... Ke7 31. Qa3+ (31. d6+ Kd7 {game}) 31... Kf7 32.
dxe6+ Kg7 $13) 31. d6 $2 (31. Rb5 $1 Qxc3 (31... axb5 $6 32. Bxb5+ Kd8 33.
dxe6+ $18) 32. d6 Bh5 (32... Re8 33. Rc5 Qb4 34. Bxe6+ $1 $18) 33. Rc5 Qb4 34.
Bxe6+ $1 $18) 31... Re8 32. Rb5 $1 axb5 (32... Qxc3 $2 33. Rc5) 33. Bxb5+ Kd8
34. Qc4 $3 (34. Bxe8 Qxe5 $1 35. Bxg6 Nxd6 $17) 34... Na7 35. Bxe8 Bxe8 36.
Qxe6 Nc6 37. d7 $10 (37. Qf6+ $5 Kc8 38. e6 Qe5 39. Qxh6 Qe2 $1 40. Ra1 Qe5 $13
) 37... Bh5 38. Qf6+ Kc7 39. Qd6+ Kd8 (39... Kb6 $2 40. Qxb8 $1 Bxd1 41. d8=Q+
Nxd8 42. Qxd8+ Ka6 43. Qxd1 $18) 40. Qf6+ Kc7 41. Qd6+ Kd8 1/2-1/2

[Event "Kecskemet"]
[Site "Kecskemet"]
[Date "1990.??.??"]
[Round "5"]
[White "Reeh, Oliver"]
[Black "Arkhipov, Sergey"]
[Result "0-1"]
[WhiteElo "2425"]
[BlackElo "2440"]
[Annotator "Knaak,R"]
[PlyCount "62"]
[EventDate "1990.06.??"]
[EventType "tourn"]
[EventRounds "13"]
[EventCountry "HUN"]
[EventCategory "8"]
[SourceTitle "CBM 020"]
[Source "ChessBase"]
[SourceDate "1991.02.01"]
[SourceVersion "1"]
[SourceVersionDate "1991.02.01"]
[SourceQuality "1"]

1. e4 e6 2. d4 d5 3. Nc3 Bb4 4. e5 Ne7 5. a3 Bxc3+ 6. bxc3 c5 7. a4 Qa5 8. Qd2
Nbc6 9. Nf3 Bd7 10. Bd3 f6 $1 11. exf6 $6 (11. O-O) 11... gxf6 12. O-O c4 13.
Be2 O-O-O 14. Ba3 Nf5 15. Rfe1 Rdg8 $15 16. Bf1 h5 17. Kh1 Rg6 18. Re2 Rhg8 19.
Qe1 Nd8 20. g3 $2 {Die einzige Möglichkeit für Weiß aktiv zu werden, aber sie
funktioniert nicht.} h4 21. Bh3 {>= 21.Bg2-/+} hxg3 22. fxg3 Nxg3+ $1 23. hxg3
Rxg3 24. Bg2 e5 $1 25. Nh2 (25. dxe5 fxe5 26. Nxe5 Qb6 27. Qf2 Qh6+ 28. Kg1
Rxg2+ 29. Qxg2 Rxg2+ 30. Kxg2 Qh3+ $19) 25... Ne6 26. Bc1 Nxd4 $1 27. Rf2 (27.
cxd4 Qxe1+ 28. Rxe1 Rxg2 $19) 27... Nf5 28. Nf1 R3g7 29. Ne3 Ng3+ 30. Kh2 Ne4
31. Rf3 d4 0-1

[Event "New York Hudson"]
[Site "New York"]
[Date "1993.??.??"]
[Round "6"]
[White "Sherzer, Alex"]
[Black "Yermolinsky, Alex"]
[Result "1/2-1/2"]
[WhiteElo "2465"]
[BlackElo "2615"]
[Annotator "Knaak,R"]
[PlyCount "83"]
[EventDate "1993.??.??"]
[EventType "tourn"]
[EventRounds "9"]
[EventCountry "USA"]
[EventCategory "13"]
[SourceTitle "CBM 035"]
[Source "ChessBase"]
[SourceDate "1993.08.01"]
[SourceVersion "1"]
[SourceVersionDate "1993.08.01"]
[SourceQuality "1"]

1. e4 e6 2. d4 d5 3. Nc3 Bb4 4. e5 c5 5. a3 Bxc3+ 6. bxc3 Ne7 7. Nf3 Qc7 8. a4
h6 $5 $146 9. Bb5+ (9. Bd3 b6 {/\ Ba6}) 9... Bd7 10. Bd3 Nbc6 11. O-O $6 (11.
Ba3 $2 cxd4 12. cxd4 Nxd4 13. Nxd4 Qc3+ 14. Kf1 Qxd4 $17) (11. Qd2 $10) 11...
cxd4 $1 12. cxd4 Nb4 13. Ba3 Nxd3 14. cxd3 $6 (14. Qxd3 Bc6 $10) 14... Bc6 $15
15. Bd6 Qd7 16. a5 O-O 17. Qd2 Rfc8 18. Rab1 a6 19. Qb4 Ng6 20. Rfc1 Bb5 21.
Qd2 f5 $1 22. Rc5 Qf7 23. Rbc1 Rc6 24. g3 $5 (24. Ne1 f4 25. Rxc6 bxc6 26. Nc2
Nh4 $17) 24... Nh8 25. Ne1 g5 26. Rxc6 bxc6 (26... Bxc6 27. Nc2 {/\ Nb4}) 27.
Nc2 $1 f4 28. Na3 Qf5 29. Nxb5 cxb5 30. Qe2 f3 31. Qe3 Ra7 (31... Ng6 32. Rc7 (
32. h3 $2 Qxh3 33. Qxf3 Nh4 34. Qh1 Qg4 $17) 32... Nh4 33. Qc1 Qh3 34. Qf1 $13)
32. h3 Qxh3 33. Qxf3 Rf7 34. Rc8+ Kg7 (34... Kh7 $2 35. Rxh8+ Kxh8 36. Qxf7 $18
) 35. Rc7 Rxc7 (35... Qf5 $2 36. Qxf5 exf5 37. Rc5 $18) 36. Qf8+ $1 (36. Bxc7
Qf5) 36... Kh7 37. Bxc7 Qf5 38. Qd6 Ng6 (38... h5 $5) 39. Bd8 Nf4 $10 (39... h5
$5 40. Bf6 h4 $13) 40. Qe7+ Kg8 41. Qe8+ Kh7 42. gxf4 (42. Bf6 Nh3+ 43. Kg2
Qxf2+ 44. Kxh3 Qf1+ $10) (42. gxf4 Qg4+ 43. Kf1 Qd1+ 44. Kg2 Qg4+ $10) 1/2-1/2